[Event "IECG QF.2006.0.00077"]
[Site "IECG email"]
[Date "2006.04.11"]
[Round "?"]
[White "Ribeiro, Nuno Luis"]
[Black "Soldatov, Misha"]
[Result "1-0"]
[WhiteElo "1000"]
[BlackElo "1000"]
[PlyCount "49"]
[EventDate "2006.04.11"]
[EventType "tourn (corr)"]
[EventRounds "6"]
[SourceTitle "Corr 2008"]
[Source "ChessBase"]
[SourceDate "2008.06.24"]
[SourceVersion "1"]
[SourceVersionDate "2008.06.24"]
[SourceQuality "1"]

1. e4 c5 2. Nf3 Nc6 3. d4 cxd4 4. Nxd4 Nf6 5. Nc3 g6 6. Nxc6 bxc6 7. e5 Ng8 8. Bc4 Bg7 9. Qf3 e6 10. Bf4 Ne7 11. 0-0 0-0 12. Ne4 Nf5 13. Bg5 Qa5 14. Nf6+ Kh8 15. Qh3 h6 16. Rfe1 h5 17. g4 Bh6 18. Bxh6 Nxh6 19. gxh5 Kg7 20. hxg6 fxg6 21. Qh4 d5 22. Bd3 Ba6 23. Nh5+ Kh7 24. Bxg6+ Kxg6 25. Kh1 1-0

[Event "IECG QF.2005.0.00067 email"]
[Site "IECG email"]
[Date "2005.07.28"]
[Round "?"]
[White "Soldatov, Misha"]
[Black "Venturas, Bob"]
[Result "1-0"]
[WhiteElo "1000"]
[BlackElo "772"]
[PlyCount "95"]
[EventDate "2005.07.28"]
[EventType "tourn (corr)"]
[EventRounds "6"]
[SourceTitle "Corr 2008"]
[Source "ChessBase"]
[SourceDate "2008.06.24"]
[SourceVersion "1"]
[SourceVersionDate "2008.06.24"]
[SourceQuality "1"]

1. c4 Nf6 2. Nc3 Nc6 3. Nf3 e5 4. g3 Bc5 5. d3 h6 6. a3 a6 7. b4 Ba7 8. Qb3 d6 9. Bg2 Be6 10. a4 Ng4 11. 0-0 0-0 12. b5 Nd4 13. Nxd4 Bxd4 14. e3 Bb6 15. Bxb7 Ra7 16. Bc6 Bd7 17. Bxd7 Qxd7 18. Bd2 Nf6 19. a5 Bc5 20. b6 cxb6 21. axb6 Qb7 22. Rfb1 Raa8 23. Ra5 Nd7 24. Na4 Rab8 25. Nxc5 Nxc5 26. Qa3 Rfe8 27. e4 Qc6 28. Be3 Rxb6 29. Rxb6 Qxb6 30. Bxc5 dxc5 31. Rxa6 Qb7 32. Ra5 Qb4 33. Qxb4 cxb4 34. Rc5 Ra8 35. Rb5 Ra1+ 36. Kg2 Rb1 37. Rxe5 f6 38. Rb5 g5 39. Kf3 Kf7 40. d4 b3 41. d5 Ke7 42. c5 b2 43. Rb7+ Kd8 44. c6 Kc8 45. d6 Rc1 46. d7+ Kd8 47. Rb8+ Kc7 48. d8Q+ 1-0

[Event "IECG QF.2005.0.00065 email"]
[Site "IECG email"]
[Date "2005.05.05"]
[Round "?"]
[White "Sintsov, Sergey Vladimirovic"]
[Black "Soldatov, Misha"]
[Result "1-0"]
[WhiteElo "1000"]
[BlackElo "1000"]
[PlyCount "41"]
[EventDate "2005.05.05"]
[EventType "tourn (corr)"]
[EventRounds "6"]
[SourceTitle "Corr 2008"]
[Source "ChessBase"]
[SourceDate "2008.06.24"]
[SourceVersion "1"]
[SourceVersionDate "2008.06.24"]
[SourceQuality "1"]

1. e4 c5 2. Nf3 Nc6 3. Bb5 Nf6 4. Nc3 a6 5. Bxc6 dxc6 6. h3 g6 7. d3 Bg7 8. Be3 b6 9. a4 a5 10. d4 cxd4 11. Qxd4 Qxd4 12. Bxd4 c5 13. Nd5 Nxd5 14. Bxg7 Rg8 15. exd5 Rxg7 16. 0-0 Ba6 17. Rfe1 Rd8 18. Rad1 Bc4 19. d6 e6 20. b3 Bd5 21. Rxd5 1-0